Measure for measure /

Shranjeno v:
Bibliografske podrobnosti
Glavni avtor: Shakespeare, William, 1564-1616.
Format: Knjiga
Jezik:English
Izdano: Cambridge : Cambridge University Press, 1993.
Teme:
Oznake: Označite
Brez oznak, prvi označite!
Thư viện lưu trữ: Mạng thư viện Đại học Đà Nẵng
LEADER 01244cam a2200409 i 4500
001 000045848
003 5047
005 20030401140152.0
008 010220|1993 vm 000 eng
020 |a 0521425069 
040 |a IRC  |c IRC  |d IRC 
041 0 |a eng 
082 1 4 |a 822.33  |b SH-W 
100 1 |a Shakespeare, William,  |d 1564-1616. 
245 0 0 |a Measure for measure /  |c William Shakespeare. 
260 |a Cambridge :  |b Cambridge University Press,  |c 1993. 
300 |a 188p. :  |b ill. 
600 1 5 |a Shakespeare, William,  |d 1564-1616.  |t Measure for measure  |x Problems, exercises, etc. 
630 0 4 |a Plays. 
630 0 4 |a Drama. 
630 0 4 |a William Shakespeare. 
650 0 4 |a Plays. 
650 0 4 |a Young adult drama, English. 
650 0 4 |a Shakespeare, William,  |d 1564-1616.  |t Measure for measure  |x Problems, exercises, etc. 
650 0 4 |a Chastity  |x Law and legislation  |z Austria  |z Vienna  |x Drama. 
650 0 4 |a Brothers and sisters  |z Austria  |z Vienna  |x Drama. 
650 0 4 |a Vienna (Austria)  |b Drama. 
OWN |a DUT 
999 |a From the UDN01 
TYP |a Monograph 
TYP |a Printed language 
980 |a Mạng thư viện Đại học Đà Nẵng